Nové formy predaja a výskumu spotrebiteľského dopytu

Bibliographic Details
Main Author: Sloboda, Štefan (Author)
Format: Article
Language:Slovak

MARC

LEADER 00000nab a2200000ua 4500
001 vtls010819328
003 SK-MaSNL
005 20260303103659.0
008 230121s1962 xo |||||||||||||||||slo|
035 |a (urnnbn)urn:nbn:sk:snk:ar-a05vr8 
035 |a urn:nbn:sk:snk-ab5n13 
035 |a (uuid)ddb39d66-1256-4fec-96cb-6f2076eb8cd3 
040 |a SNKBUCL  |b slo  |c SNKBUCL  |e AACR2 
041 0 |a slo 
044 |a xo  |c SK 
100 1 |a Sloboda, Štefan  |4 aut  |9 278618 
245 1 0 |a Nové formy predaja a výskumu spotrebiteľského dopytu  |c Štefan Sloboda 
773 0 |t Výživa a zdravie : časopis pre výživu a zdravý životný štýl  |g Roč. 7, č. 6 (1962), s. 131-132 
954 |a odborná, vedecká literatúra pôvodná (slovenská)  |2 lita 
958 |a OND 
958 |a EUIPO 
958 |a article5 
999 |c 1851321  |d 1853251